000 01310cam a2200301 4500
001 L126690
002 7742
008 040705n2004 000 0 eng u
020 _a072820424X
035 _a(Sirsi) u126690
041 _aeng
050 _a333.72
_c18
100 _aSayce, Sarah
245 _aBuilding sustainability in the balance
_bpromoting stakeholder diaglogue
260 _aLondon
_bEstates Gazette
_c2004
300 _axi, 132p.
_bill.
_c31cm.
350 _a35
520 _aBased on the findings of a DTI funded project, "Buildings: a new life", this book describes the issues of building sustainability in relation to the objectives of economic, social and environmental well-being. This book also addresses the principles and conflicts inherent in sustainability, stakeholders within sustainable development and the Building Sustainability Assessment Tool (BSAT). Appendices provide a summary of "Buildings: a new life", a glossary and a bibliography.
650 _aSUSTAINABLE CONSTRUCTION
650 _aENVIRONMENTAL SUSTAINABILITY
650 _aSUSTAINABLE BUILDINGS
650 _aSUSTAINABLE DEVELOPMENT
650 _aECONOMIC SUSTAINABILITY
690 _aBUILDING AND CONSTRUCTION-SUSTAINABLE
700 _aWalker, Anthony
700 _aMcIntosh, Angus
942 _n0
999 _c103631
_d103631